| Tag |
First Indicator |
Second Indicator |
Subfields |
| LEADER |
00000cam a2200000 4500 |
| 001 |
in00000063434 |
| 005 |
20170223135052.0 |
| 008 |
720630r19671823nyu 00000 eng u |
| 010 |
|
|
|a 66021682
|
| 035 |
|
|
|a (OCoLC)00346449
|
| 040 |
|
|
|c CSU
|d OCL
|d TXA
|d UtOrBLW
|
| 050 |
|
0 |
|a HC255
|b .L9215 1823a
|
| 100 |
1 |
|
|a Lowe, Joseph,
|c Esq.
|
| 245 |
1 |
4 |
|a The present state of England in regard to agriculture, trade and finance.
|
| 264 |
|
1 |
|a New York :
|b A.M. Kelley,
|c 1967.
|
| 300 |
|
|
|a xxviii, 418, 106p. ;
|c 22cm.
|
| 336 |
|
|
|a text
|b txt
|2 rdacontent
|
| 337 |
|
|
|a unmediated
|b n
|2 rdamedia
|
| 338 |
|
|
|a volume
|b nc
|2 rdacarrier
|
| 490 |
0 |
|
|a Reprints of economic classics
|
| 500 |
|
|
|a Reprint of the 2d edition of 1823.
|
| 651 |
|
0 |
|a Great Britain
|x Economic conditions.
|
| 651 |
|
0 |
|a Great Britain
|x Economic policy.
|
| 651 |
|
0 |
|a France
|x Economic conditions.
|
| 999 |
f |
f |
|s 11e08ecd-118a-32c4-9802-461da9898817
|i d9b672c5-f4a9-396b-a7ad-07c754c95248
|t 0
|
| 952 |
f |
f |
|p ric
|a Texas A&M University
|b Rellis Campus
|c Joint Library Facility
|d Remote Storage
|t 0
|e HC255 .L9215 1823a
|h Library of Congress classification
|i unmediated -- volume
|m A14800701459
|
| 998 |
f |
f |
|a HC255 .L9215 1823a
|t 0
|l Remote Storage
|